Modern marketing. (Record no. 155222)
[ view plain ]
| 000 -LEADER | |
|---|---|
| fixed length control field | 00328nam a2200145Ia 4500 |
| 008 - FIXED-LENGTH DATA ELEMENTS--GENERAL INFORMATION | |
| fixed length control field | 210423s2008 xx 000 0 und d |
| 041 ## - LANGUAGE CODE | |
| Language code of text/sound track or separate title | eng |
| 082 ## - DEWEY DECIMAL CLASSIFICATION NUMBER | |
| Classification number | 380.1 SHES |
| 100 ## - MAIN ENTRY--PERSONAL NAME | |
| Personal name | SHERLEKAR ( S A). |
| 245 ## - TITLE STATEMENT | |
| Title | Modern marketing. |
| 260 ## - PUBLICATION, DISTRIBUTION, ETC. | |
| Date of publication, distribution, etc. | 2008 |
| 300 ## - PHYSICAL DESCRIPTION | |
| Extent | xxiv,9.64 |
| 365 ## - TRADE PRICE | |
| Currency code | INR |
| 906 ## - LOCAL DATA ELEMENT F, LDF (RLIN) | |
| a | marketing. ; Modern |
| Withdrawn status | Lost status | Damaged status | Not for loan | Collection code | Home library | Current library | Date acquired | Total Checkouts | Full call number | Barcode | Date last seen | Price effective from | Koha item type |
|---|---|---|---|---|---|---|---|---|---|---|---|---|---|
| PGDBM | St Aloysius PG Library | St Aloysius PG Library | 11/03/2009 | 380.1 SHES | PG001694 | 08/24/2022 | 04/26/2021 | Book |